000 00920nam a2200241Ia 4500
003 OSt
005 20210728144738.0
008 210310s1967 mx gr 000 0 spa d
040 _aCO-JMCR
_cCO-JMCR
041 0 _aspa
082 0 4 _a331.1 /
_bB181o
_223
100 1 _aBauche Garciadiego, Mario,
_eautor
_927058
245 1 0 _aOperaciones bancarias :
_bactivas pasivas y complementarias /
_cMario Bachue Garciadiego
250 _aPrimera edición
260 _aMéxico :
_bPorrua,
_c1967.
300 _a371 páginas ;
_c23 cm.
504 _aBibliografía: páginas 369-371
505 _aHistoria de la banca. -- Generalidades. -- Operaciones pasivas. -- Operaciones activas de los bancos. -- Operaciones complementarias. -- Limitaciones y privilegios. --
650 1 4 _aBanca y crédito
_927060
650 2 4 _aDeposito bancario
_938846
650 2 4 _aAntecedentes históricos del cheque.
_938847
942 _2ddc
_cBK
999 _c12017
_d12017